Normal view
MARC view
- Skillig, Hugh Hildreth
Entry Personal Name
001 - CONTROL NUMBER
- control field: 101691
003 - CONTROL NUMBER IDENTIFIER
- control field: NUST
005 - DATE AND TIME OF LATEST TRANSACTION
- control field: 20221028181835.0
008 - FIXED-LENGTH DATA ELEMENTS
- fixed length control field: 221028|| aca||aabn | a|a d
040 ## - CATALOGING SOURCE
- Original cataloging agency: NUST
- Transcribing agency: NUST
100 ## - HEADING--PERSONAL NAME
- Personal name: Skillig, Hugh Hildreth
670 ## - SOURCE DATA FOUND
- Source citation: Work cat.: (NUST)180538: Skillig, Hugh Hildreth, Transient electric currents /, 1952
